000 01402cab a2200229 4500
001 ##L134823
008 060904n2006 000 0 eng u
035 _a(Sirsi) u134823
041 0 _aeng
100 1 _aCastorina, Gill
245 0 2 _aA platform for saving town centres
260 _c2006
490 0 _aEstates Gazette
_v(0634) 26 August 2006, 89(1)
520 _aConsiders the effect of the Town and Country Planning (General Development Procedure) (Amendment) (England) Order 2006 (L134822) which after 10 May 2006 brings the construction of retail mezzanine gross floorspace of more than 200 sq m within planning control. The amendment puts to rest concerns over the unrestricted construction of mezzanines and local planning authorities now have tighter control over the expansion of retail floorspace. Certificates of lawfulness of the proposed use or development of mezzanines issued before the 10 May are ineffective unless they are implemented before that date.
650 2 4 _aTOWN AND COUNTRY PLANNING ACT 1990 S55(2)
650 2 4 _aPLANNING AND COMPULSORY PURCHASE ACT 2004
650 2 4 _aTOWN AND COUNTRY PLANNING (GENERAL DEVELOPMENT PROCEDURE) (AMENDMENT) (ENGLAND) ORDER 2006
650 2 4 _aNORTHAMPTON BC V SOS HOME DEPARTMENT AND ANOTHER
651 4 _aEngland
_y886-
690 _aENVIRONMENTAL AND LAND CONSULTANCY-PLANNING AND DEVELOPMENT-DEVELOPMENT CONTROL
942 _n0
999 _c77664
_d77664